00649nam a2200193Ia 4500008004100000020001400041040001800055041000800073245010100081260005400182300001800236504002100254650001800275650002900293650002900322650003100351651005300382700002000435130821s1998 enk gr eng  a822321343 aCo-BoUCMbspa00aeng00aAfter the endbmaking U.S foreing policy in the post-cold war worldcEditado por James M., Scott aLondres (Inglaterra)bDuke University Pressc1998 a427 páginas aIncluye índice04aGuerra Fría04aPolítica internacional04aPolítica mundialy194504aRelaciones internacionales aEstados UnidosbRelaciones internacionalesy1989 aScott, James M.